Statistics for 4 Letter Words Chain Game

Click here to take the quiz!

General Stats

  • This quiz has been taken 1,892 times
  • The average score is 17 of 22

Answer Stats

HintAnswer% Correct
Opposite of WestEast
99%
____ and QueenKing
98%
Not difficultEasy
97%
Person who says false thingsLiar
97%
Thread-like strand that grow from your headHair
92%
Competition between sprinters, horses etc.Race
91%
NakedNude
90%
Success by chanceLuck
89%
Tooth ____Ache
83%
Cats and dogs have theseTail
83%
Belonging to the addressed personYour
83%
To cleanWash
77%
Anicent Greek for loveEros
75%
Steady radiance of lightGlow
75%
Action you may do when tiredYawn
74%
Zero, nadaNone
73%
Physical destruction of somethingRuin
71%
Material extended onto a boatSail
68%
Shade or variety of a colourTint
68%
Capital of QatarDoha
49%
Violent angerFury
36%
Repeated piece of musicRiff
30%

Score Distribution

Percentile by Number Answered

Percent of People with Each Score

Your Score History

You have not taken this quiz